| 000 | 00419nam a2200193Ia 4500 | ||
|---|---|---|---|
| 005 | 20251020182541.0 | ||
| 008 | 200515s9999 xx 000 0 und d | ||
| 082 | _a739.45/I29 | ||
| 110 | _aIdea Books S. A. | ||
| 245 | 0 | _aArte en hierro | |
| 260 | _aBarcelona | ||
| 260 | _cs.a. | ||
| 500 | _a1 ejemplar | ||
| 650 | _aHIERRO | ||
| 650 | _aHIERRO FORJADO | ||
| 650 | _aHISTORIA | ||
| 650 | _aLIB | ||
| 942 | _cLIB | ||
| 999 |
_c2390 _d2390 |
||